Score 0/117 Timer 20:00
0 Plays Today
Hint Chapter titles % Correct
BloodThe Half-Blood Prince
77.9%
PrinceThe Half-Blood Prince
77.9%
BurrowThe Burrow
74.1%
BirthdayThe Worst Birthday
71.7%
LovegoodLuna Lovegood
71.4%
ForestThe Forbidden Forest
71.2%
QuidditchQuidditch
71.2%
MirrorThe Mirror of Erised
69.8%
ClubThe Slug Club
69.5%
MagicThe Ministry of Magic
68.7%
MinistryThe Ministry of Magic
68.7%
SecondThe Second Task
66.8%
TaskThe Second Task
66.8%
Sorting HatThe Sorting Hat
66.3%
DementorThe Dementor
64.4%
TaskThe First Task
64.2%
TaskThe Third Task
63.9%
LovegoodXenophilius Lovegood
62.5%
PhoenixThe Order of the Phoenix
61.7%
FireThe Goblet of Fire
61.5%
OwlOwl Post
59%
WandThe Elder Wand
57.1%
PotionThe Potions Master
55.8%
HermioneHermione's Secret
55.3%
SecretHermione's Secret
55.3%
DarkThe Dark Mark
54.7%
HouseThe Riddle House
54.7%
RiddleThe Riddle House
54.7%
SecretThe Chamber of Secrets
54.4%
PadfootMoony, Wormtail, Padfoot and Prongs
54.2%
DementorThe Dementors' Kiss
53.4%
MemorySnape's Worst Memory
53.4%
SnapeSnape's Worst Memory
53.4%
TaleThe Tale of the Three Brothers
53.1%
ThreeThe Tale of the Three Brothers
53.1%
PotionThe Polyjuice Potion
52.8%
HogwartsThe Battle of Hogwarts
52.3%
LostThe Lost Diadem
52%
ProfessorProfessor Umbridge
51.8%
Hint Chapter titles % Correct
DobbyDobby's Warning
50.9%
PadfootPadfoot Returns
50.4%
BurrowBack to The Burrow
49.3%
OwlOwl Post Again
49.1%
DumbledoreDumbledore's Army
48.5%
ClubThe Duelling Club
48.2%
EyeMad-Eye Moody
48%
FinalThe Quidditch Final
47.7%
QuidditchThe Quidditch Final
47.7%
PhoenixThe Phoenix Lament
47.4%
QuidditchThe Quidditch World Cup
47.4%
SilverThe Silver Doe
46.9%
Sorting HatThe Sorting Hat's New Song
46.1%
DumbledoreThe Will of Albus Dumbledore
45.6%
TaskThe Unexpected Task
45.6%
WillThe Will of Albus Dumbledore
45.6%
DumbledoreThe Life and Lies of Albus Dumbledore
45%
ForestThe Forest Again
45%
WandThe Weighing of the Wands
45%
FlightFlight of the Prince
44.7%
PrinceFlight of the Prince
44.7%
ChristmasChristmas on the Closed Ward
43.9%
CrouchThe Madness of Mr Crouch
43.9%
DobbyDobby's Reward
43.9%
PrinceThe Prince's Tale
43.7%
TaleThe Prince's Tale
43.7%
WeasleyWeasleys' Wizard Wheezes
43.1%
MagicMagic is Might
42.9%
NumberNumber Twelve, Grimmauld Place
42.3%
PlaceNumber Twelve, Grimmauld Place
42.3%
CrouchBagman and Crouch
42%
ElfThe House-Elf Liberation Front
41.8%
HouseThe House-Elf Liberation Front
41.8%
BloodFlesh, Blood and Bone
40.7%
ElfElf Tails
40.4%
WillWill and Won't
40.2%
HouseThe House of Gaunt
39.4%
FlightFlight of the Fat Lady
38.5%
HermioneHermione's Helping Hand
37.2%
Hint Chapter titles % Correct
OwlOWLs
37.2%
DarkThe Dark Lord Ascending
36.9%
FireOut of the Fire
36.1%
TaleHagrid's Tale
36.1%
SnapeThe Sacking of Severus Snape
35.8%
BirthdayBirthday Surprises
35.6%
EyeThe Egg and the Eye
35.6%
EyeThe Eye of the Snake
35.6%
TaleKreacher's Tale
35.6%
ChristmasA Very Frosty Christmas
35.3%
SnapeSnape Victorious
34.8%
Lord VoldemortThe Servant of Lord Voldemort
34.8%
FlightFight and Flight
34.5%
HogwartsThe Hogwarts High Inquisitor
34%
MinistryMayhem at the Ministry
33.7%
SilverSilver and Opals
33.7%
MemoryA Sluggish Memory
33.4%
PadfootPercy and Padfoot
33.4%
WeasleyThe Woes of Mrs Weasley
33.4%
RiddleThe Secret Riddle
33.2%
SecretThe Secret Riddle
33.2%
SecretThe Very Secret Diary
32.9%
OwlA Peck of Owls
32.3%
FinalThe Final Hiding Place
32.1%
PlaceThe Final Hiding Place
32.1%
PlaceA Place to Hide
31.8%
LostThe Lost Prophecy
31.3%
HouseThe Noble and Most Ancient House of Black
29.9%
Lord VoldemortLord Voldemort's Request
29.6%
SnapeSnape's Grudge
29.4%
MirrorThe Missing Mirror
29.1%
OneThe Letters from No One
29.1%
OneThe Only One He Ever Feared
28.8%
HogwartsAboard the Hogwarts Express
28.3%
ProfessorProfessor Trelawney's Prediction
27.5%
ThreeThe Journey from Platform Nine and Three-Quarters
25.6%
NumberEducational Decree Number Twenty-four
23.7%
SecondThe Second War Begins
23.7%
SecretBathilda's Secret
23.7%
Remove Ads.
Support Sporcle.
Get the best of Sporcle when you Go Orange. This ad-free experience offers more features, more stats, and more fun while also helping to support Sporcle. Thank you for becoming a member.

You're not logged in!

Compare scores with friends on all Sporcle quizzes.
OR
Log In

Sporcle TV

Today on Sporcle TV


Watch our educational content, quiz creation guides, and fun videos on Sporcle TV.

Show Comments

Extras

Top Quizzes Today


Score Distribution

Paid Content

Your Account Isn't Verified!

In order to create a playlist on Sporcle, you need to verify the email address you used during registration. Go to your Sporcle Settings to finish the process.

Report this User

Report this user for behavior that violates our Community Guidelines.

Details: